000 00506cam a2200157 4500500
005 20251012013203.0
041 _afre
042 _adc
100 1 0 _aLambin, Thomas
_eauthor
700 1 0 _a Leblanc, Sarah
_eauthor
245 0 0 _aPre-test
260 _c2025.
500 _a34
786 0 _nHépato-Gastro & Oncologie Digestive | 32 | 5 | 2025-06-12 | p. 444-446 | 2115-3310
856 4 1 _uhttps://shs.cairn.info/journal-hepato-gastro-oncologie-digestive-2025-5-page-444?lang=en&redirect-ssocas=7080
999 _c1528667
_d1528667